Library Banner

اردو افسانہ اور اساطیر (Record no. 63198)

MARC details
000 -LEADER
fixed length control field 00391nam a22001457a 4500
005 - DATE AND TIME OF LATEST TRANSACTION
control field 20161122105827.0
008 - FIXED-LENGTH DATA ELEMENTS--GENERAL INFORMATION
fixed length control field 150107b xxu||||| |||| 00| 0 eng d
040 ## - CATALOGING SOURCE
Transcribing agency PK-LaUMT
082 ## - DEWEY DECIMAL CLASSIFICATION NUMBER
Classification number RHC 891.4393
Item number QAZ-U
100 ## - MAIN ENTRY--PERSONAL NAME
Personal name قاضی عابد
245 ## - TITLE STATEMENT
Title اردو افسانہ اور اساطیر
260 ## - PUBLICATION, DISTRIBUTION, ETC. (IMPRINT)
Place of publication, distribution, etc لاہور
Name of publisher, distributor, etc مجلس ترقی ادب
Date of publication, distribution, etc 2009
300 ## - PHYSICAL DESCRIPTION
Extent 400 ص
942 ## - ADDED ENTRY ELEMENTS (KOHA)
Koha item type Books
Holdings
Withdrawn status Lost status Damaged status Home library Current library Date acquired Full call number Barcode Date last seen Koha item type Copy number Price effective from
      UMT Main Campus UMT Main Campus 2015-01-07 KHC 891.4393 QAZ-U 74733 2016-12-08 Books    
      UMT Main Campus UMT Main Campus 2016-11-17 RHC 891.4393 QAZ-U 102963 2016-11-17 Books C-2 2016-11-17